[Event "South Island Championships 2023"]
[Site "Oamaru, New Zealand"]
[Date "????.??.??"]
[Round "5.6"]
[White "Zhang, Kendrick Botong"]
[Black "Wang, Justin Zhide"]
[Result "1-0"]
[TimeControl "90 + 30"]
[WhiteFideId "4307704"]
[BlackFideId "4312830"]
[WhiteElo "2067"]
[BlackElo "1849"]

1. e4 {[%clk 01:30:57]} {[%emt 00:00:03]} e6 {[%clk 01:30:56]} {[%emt
00:00:05]} 2. d4 {[%clk 01:31:22]} {[%emt 00:00:05]} d5 {[%clk 01:31:23]}
{[%emt 00:00:03]} 3. Nc3 {[%clk 01:31:46]} {[%emt 00:00:06]} Nf6 {[%clk
01:31:51]} {[%emt 00:00:03]} 4. e5 {[%clk 01:32:10]} {[%emt 00:00:06]} Nfd7
{[%clk 01:32:17]} {[%emt 00:00:03]} 5. f4 {[%clk 01:32:32]} {[%emt 00:00:07]}
c5 {[%clk 01:32:44]} {[%emt 00:00:04]} 6. Nf3 {[%clk 01:32:56]} {[%emt
00:00:05]} Nc6 {[%clk 01:33:12]} {[%emt 00:00:04]} 7. Be3 {[%clk 01:33:16]}
{[%emt 00:00:09]} a6 {[%clk 01:33:38]} {[%emt 00:00:04]} 8. Qd2 {[%clk
01:33:36]} {[%emt 00:00:09]} b5 {[%clk 01:34:04]} {[%emt 00:00:05]} 9. a3
{[%clk 01:33:50]} {[%emt 00:00:15]} Qb6 {[%clk 01:34:31]} {[%emt 00:00:04]} 10.
Ne2 {[%clk 01:33:54]} {[%emt 00:00:26]} Bb7 {[%clk 01:33:39]} {[%emt 00:01:22]}
11. dxc5 {[%clk 01:32:29]} {[%emt 00:01:54]} Bxc5 {[%clk 01:34:01]} {[%emt
00:00:10]} 12. Ned4 {[%clk 01:25:16]} {[%emt 00:07:42]} Nxd4 {[%clk 01:28:53]}
{[%emt 00:05:38]} 13. Bxd4 {[%clk 01:15:48]} {[%emt 00:09:57]} Bxd4 {[%clk
01:15:08]} {[%emt 00:14:15]} 14. Nxd4 {[%clk 01:16:03]} {[%emt 00:00:14]} Rc8
{[%clk 01:15:33]} {[%emt 00:00:06]} 15. Be2 {[%clk 00:55:56]} {[%emt 00:20:37]}
Nc5 {[%clk 01:06:48]} {[%emt 00:09:15]} 16. O-O {[%clk 00:46:56]} {[%emt
00:09:29]} O-O {[%clk 01:07:08]} {[%emt 00:00:11]} 17. Rad1 {[%clk 00:36:36]}
{[%emt 00:10:50]} Na4 {[%clk 01:06:56]} {[%emt 00:00:42]} 18. c3 {[%clk
00:33:55]} {[%emt 00:03:11]} Nc5 {[%clk 01:06:53]} {[%emt 00:00:33]} 19. Bg4
{[%clk 00:30:51]} {[%emt 00:03:33]} Ne4 {[%clk 01:03:31]} {[%emt 00:03:53]} 20.
Qe3 {[%clk 00:30:44]} {[%emt 00:00:37]} f5 {[%clk 00:55:18]} {[%emt 00:08:43]}
21. Nxf5 {[%clk 00:26:51]} {[%emt 00:04:22]} Qxe3+ {[%clk 00:54:09]} {[%emt
00:01:38]} 22. Nxe3 {[%clk 00:27:07]} {[%emt 00:00:15]} Rce8 {[%clk 00:52:57]}
{[%emt 00:01:43]} 23. f5 {[%clk 00:16:23]} {[%emt 00:11:14]} exf5 {[%clk
00:36:30]} {[%emt 00:16:57]} 24. Bxf5 {[%clk 00:16:45]} {[%emt 00:00:07]} g6
{[%clk 00:36:49]} {[%emt 00:00:12]} 25. Bxe4 {[%clk 00:16:11]} {[%emt
00:01:04]} Rxf1+ {[%clk 00:34:03]} {[%emt 00:03:16]} 26. Kxf1 {[%clk 00:16:32]}
{[%emt 00:00:08]} dxe4 {[%emt 00:03:45]} 27. Ng4 {[%clk 00:08:11]} {[%emt
00:05:23]} Re7 {[%clk 00:31:24]} {[%emt 00:03:23]} 28. Nf6+ {[%clk 00:05:21]}
{[%emt 00:03:20]} Kg7 {[%clk 00:31:14]} {[%emt 00:00:39]} 29. Rd7 {[%clk
00:04:58]} {[%emt 00:00:53]} Kf7 {[%clk 00:26:45]} {[%emt 00:04:59]} 30. Rxe7+
{[%clk 00:02:44]} {[%emt 00:02:45]} Kxe7 {[%emt 00:00:15]} 31. Nxh7 {[%clk
00:03:06]} Ke6 {[%clk 00:26:54]} {[%emt 00:00:44]} 32. Nf8+ {[%clk 00:03:28]}
{[%emt 00:00:06]} Kxe5 {[%clk 00:27:06]} {[%emt 00:00:18]} 33. Nxg6+ {[%clk
00:03:51]} {[%emt 00:00:08]} Kf5 {[%clk 00:27:15]} {[%emt 00:00:20]} 34. Nh4+
{[%clk 00:04:15]} {[%emt 00:00:07]} Kg5 {[%clk 00:26:56]} {[%emt 00:00:49]} 35.
g3 {[%clk 00:04:35]} {[%emt 00:00:10]} Kg4 {[%clk 00:24:42]} {[%emt 00:02:44]}
36. Kf2 {[%clk 00:03:54]} {[%emt 00:01:10]} Kh3 {[%clk 00:24:47]} {[%emt
00:00:25]} 37. Nf5 {[%clk 00:03:52]} {[%emt 00:00:32]} Kxh2 {[%clk 00:24:53]}
{[%emt 00:00:23]} 38. Ke3 {[%clk 00:03:54]} {[%emt 00:00:29]} Kh3 {[%clk
00:24:10]} {[%emt 00:01:13]} 39. Kf4 {[%clk 00:02:24]} {[%emt 00:02:00]} Bd5
{[%clk 00:23:20]} {[%emt 00:01:20]} 40. g4 {[%clk 00:02:30]} {[%emt 00:00:25]}
Be6 {[%clk 00:23:33]} {[%emt 00:00:16]} 41. Ne3 {[%clk 00:02:50]} {[%emt
00:00:10]} Kh2 {[%clk 00:22:41]} {[%emt 00:01:22]} 42. Kxe4 {[%clk 00:02:58]}
{[%emt 00:00:21]} Kg3 {[%clk 00:23:01]} {[%emt 00:00:08]} 43. g5 {[%clk
00:03:25]} {[%emt 00:00:07]} Kf2 {[%clk 00:23:24]} {[%emt 00:00:07]} 44. Nd5
{[%clk 00:03:27]} {[%emt 00:00:28]} Ke1 {[%clk 00:23:22]} {[%emt 00:00:32]} 45.
Nc7 {[%clk 00:03:50]} {[%emt 00:00:06]} Bg8 {[%clk 00:23:49]} {[%emt 00:00:04]}
46. Nxa6 {[%clk 00:03:45]} {[%emt 00:00:35]} Kd2 {[%clk 00:24:14]} {[%emt
00:00:04]} 47. Nc7 {[%clk 00:03:44]} {[%emt 00:00:31]} Kc2 {[%clk 00:24:23]}
{[%emt 00:00:22]} 48. Nxb5 {[%clk 00:04:08]} {[%emt 00:00:05]} Kxb2 {[%clk
00:24:49]} {[%emt 00:00:04]} 49. Kd4 {[%clk 00:04:29]} {[%emt 00:00:10]} Kb3
{[%clk 00:25:01]} {[%emt 00:00:18]} 50. g6 {[%clk 00:04:37]} {[%emt 00:00:21]}
Be6 {[%clk 00:24:53]} {[%emt 00:00:38]} 51. g7 {[%clk 00:04:54]} {[%emt
00:00:13]} Bg8 {[%clk 00:25:15]} {[%emt 00:00:08]} 52. Kc5 {[%clk 00:04:07]}
{[%emt 00:01:18]} Ka4 {[%clk 00:25:33]} {[%emt 00:00:12]} 53. c4 {[%clk
00:03:06]} {[%emt 00:01:31]} Ka5 {[%clk 00:25:15]} {[%emt 00:00:47]} 54. Nc3
{[%clk 00:03:29]} {[%emt 00:00:07]} Ka6 {[%clk 00:25:40]} {[%emt 00:00:06]} 55.
Kb4 {[%clk 00:03:52]} {[%emt 00:00:07]} Kb6 {[%clk 00:25:31]} {[%emt 00:00:39]}
56. Ne4 {[%clk 00:04:14]} {[%emt 00:00:51]} 1-0

[Event "74th South Island Chess Championship"]
[Site "Oamaru NZL"]
[Date "2023.09.29"]
[Round "5.12"]
[White "Liu, Richard Jingjie"]
[Black "Mayrhuber, Nikola"]
[Result "0-1"]
[WhiteElo "1528"]
[BlackElo "2059"]

1. e4 c5 2. Nf3 d6 3. d4 cxd4 4. Nxd4 Nf6 5. Nc3 a6 6. Be2 e5 7. Nb3 Be6 8. O-O
Be7 9. Qd3 Nbd7 10. Bd2 O-O 11. Nd5 Bxd5 12. exd5 a5 13. a4 Qc7 14. c4 b6 15.
Rfc1 Nc5 16. Nxc5 bxc5 17. b3 Rae8 18. f3 Bd8 19. Qc2 e4 20. fxe4 Nxe4 21. Bd3
Nxd2 22. Qxd2 Bf6 23. Rab1 Bd4+ 24. Kh1 Be3 25. Qc2 Bxc1 26. Rxc1 g6 27. Rf1
Re5 28. Qb1 Qe7 29. h3 Re8 30. Kh2 Re3 31. Bc2 Qe5+ 32. Kh1 Qg3 0-1

[Event "74th South Island Chess Championship"]
[Site "Oamaru NZL"]
[Date "2023.09.29"]
[Round "5.15"]
[White "Fairley, Natasha"]
[Black "McConnell, Jack"]
[Result "0-1"]
[WhiteElo "1771"]
[BlackElo "1640"]

1. e4 c5 2. c4 Nc6 3. Nc3 g6 4. g3 Bg7 5. Nge2 d6 6. Bg2 Nf6 7. d3 O-O 8. O-O
a6 9. a4 Ne8 10. Kh1 Nc7 11. f4 Rb8 12. Rb1 Bd7 13. Nd5 b5 14. axb5 axb5 15. b3
b4 16. Bb2 Ne6 17. Bxg7 Kxg7 18. f5 Ned4 19. Nxd4 Nxd4 20. f6+ exf6 21. Nxf6
Be6 22. Rf4 Ra8 23. Qf1 Ra3 24. Qd1 Qc8 25. h4 Bh3 26. h5 Bxg2+ 27. Kxg2 Ra2+
28. Rf2 Rxf2+ 29. Kxf2 Kxf6 30. Qd2 Qg4 31. Qf4+ Qxf4+ 32. gxf4 Ra8 33. hxg6
fxg6 34. Rh1 Ra7 35. Rd1 Ra3 36. Rh1 Kg7 37. e5 dxe5 38. fxe5 Rxb3 39. Ke3 h5
40. Ke4 Ne6 41. Rd1 Kf7 42. Rh1 Ra3 43. Rf1+ Ke7 44. Rh1 Ra4 45. Rb1 g5 46. Kf5
Ra3 47. d4 cxd4 48. Rxb4 Ra7 49. Kg6 d3 50. Kxh5 d2 51. Rb1 Rd7 52. Rd1 Kf7 53.
c5 Nxc5 54. Kxg5 Na4 55. Kf5 Ke7 56. e6 Rd5+ 57. Ke4 Nc3+ 0-1

[Event "74th South Island Chess Championship"]
[Site "Oamaru NZL"]
[Date "2023.09.29"]
[Round "5.16"]
[White "Anikonov, Artem"]
[Black "Tao, Junqing Jerome"]
[Result "1-0"]
[WhiteElo "1721"]
[BlackElo "1634"]

1. e4 e5 2. Nf3 Nc6 3. Bc4 Bc5 4. d3 h6 5. Nc3 Nf6 6. h3 d6 7. Be3 Bb6 8. Qd2
Be6 9. Bb3 Qd7 10. O-O-O Bxb3 11. cxb3 Rc8 12. d4 exd4 13. Nxd4 O-O 14. Nxc6
Qxc6 15. Kb1 Nxe4 16. Nxe4 Qxe4+ 17. Qd3 Qxd3+ 18. Rxd3 Rfe8 19. Bxb6 axb6 20.
Rd2 Re6 21. Rc1 c6 22. b4 Rce8 23. Rcd1 d5 24. b5 Re2 25. Kc2 Kh7 26. Kd3 R2e4
27. Rc2 c5 28. Rcd2 Kg6 29. Kc3 Re2 30. Rxe2 Rxe2 31. Rxd5 Rxf2 32. Rd6+ Rf6
33. Rd7 Kg5 34. Rxb7 Kf4 35. Rd7 Kg3 36. Rd2 g5 37. a4 h5 38. a5 bxa5 39. Kc4
Rf4+ 40. Kxc5 Rb4 41. Kc6 f5 42. b6 f4 43. b7 g4 44. hxg4 hxg4 45. Kc7 f3 46.
gxf3 gxf3 47. b8=Q Rxb8 48. Kxb8 f2 49. Rd1 Kg2 50. Kb7 f1=Q 51. Rxf1 Kxf1 52.
Kb6 a4 53. Kb5 Ke2 54. Kxa4 Kd3 55. b4 Kc4 56. Ka5 Kd5 57. b5 Kd6 58. Ka6 Kc7
59. Ka7 Kd6 60. b6 Kc6 61. b7 Kd5 62. b8=Q 1-0

[Event "74th South Island Chess Championship"]
[Site "Oamaru NZL"]
[Date "2023.09.29"]
[Round "5.17"]
[White "Gold, Hamish R"]
[Black "Clarkson, Robert D"]
[Result "1-0"]
[WhiteElo "1758"]
[BlackElo "1568"]

1. d4 d5 2. e4 dxe4 3. f3 e6 4. Bf4 Nf6 5. fxe4 Nxe4 6. Nf3 Nf6 7. Bd3 b6 8.
Nbd2 Bb7 9. Qe2 Bd6 10. Bg5 Be7 11. O-O Nbd7 12. Rae1 O-O 13. Ne5 Nxe5 14. dxe5
Nd5 15. Bxe7 Qxe7 16. c4 Ne3 17. Qxe3 Qc5 18. Qxc5 bxc5 19. Be4 Rab8 20. b3 Bc8
21. Rd1 a5 22. Bc6 Rb6 23. Ba4 Bb7 24. Nf3 Be4 25. Rd7 Bc6 26. Bxc6 Rxc6 27.
Rfd1 h6 28. Rd8 Rxd8 29. Rxd8+ Kh7 30. Rf8 a4 31. Rxf7 axb3 32. axb3 Rb6 33.
Nd2 Ra6 34. Kf2 c6 35. Re7 Ra2 36. Ke3 Ra1 37. Rxe6 Re1+ 38. Kf2 Rd1 39. Rd6
Ra1 40. e6 Ra8 41. Rxc6 Re8 42. Ke3 Re7 43. Ne4 Kg6 44. Nxc5 Kf6 45. Kd4 Kf5
46. Kd5 g5 47. Kd6 Rg7 48. e7 Rg6+ 49. Kd7 1-0

[Event "74th South Island Chess Championship"]
[Site "Oamaru NZL"]
[Date "2023.09.29"]
[Round "5.18"]
[White "Loos, Rick"]
[Black "Koentges, Thomas"]
[Result "0-1"]
[WhiteElo "1602"]
[BlackElo "1773"]

1. Nf3 f5 2. d4 Nf6 3. c4 e6 4. a3 c6 5. Nc3 Be7 6. g3 d5 7. cxd5 exd5 8. Bg2
Ne4 9. Qb3 Nd7 10. O-O Bf6 11. Be3 Qb6 12. Qc2 Qd8 13. b4 Nb6 14. Rfd1 Nc4 15.
Bf4 g5 16. Be5 g4 17. Bxf6 Qxf6 18. Nxe4 fxe4 19. Nd2 Nxd2 20. Qxd2 h5 21. f3
Bf5 22. Rac1 h4 23. fxe4 dxe4 24. Qf4 O-O 25. Rc5 h3 26. Bh1 b6 27. Re5 Rae8
28. Rxe8 Rxe8 29. e3 Qe6 30. Qf2 Qb3 31. Qe1 Qxa3 32. Ra1 Qd3 33. Rxa7 Be6 34.
Ra1 Bc4 35. Rd1 Qc2 36. Rd2 Qc3 37. Rd1 Qxe1+ 38. Rxe1 Bd3 39. Rd1 Re6 40. d5
Re7 41. dxc6 Kf8 42. Rxd3 exd3 43. Kf2 d2 44. Ke2 d1=Q+ 45. Kxd1 Rxe3 46. Kd2
Re7 47. Kd3 Ke8 48. Kd4 Kd8 49. b5 Re2 50. Be4 Rxh2 51. Bf5 Rd2+ 52. Ke3 h2 53.
Be4 Rb2 54. c7+ Kxc7 0-1

[Event "74th South Island Chess Championship"]
[Site "Oamaru NZL"]
[Date "2023.09.29"]
[Round "5.19"]
[White "Black, Ross"]
[Black "Bell, Daniel"]
[Result "1-0"]
[WhiteElo "1724"]
[BlackElo "1565"]

1. e4 c6 2. Nf3 d5 3. exd5 cxd5 4. Be2 Nc6 5. O-O e5 6. d4 e4 7. Ne5 Qb6 8.
Nxc6 bxc6 9. c3 Bd6 10. Nd2 Ne7 11. b4 O-O 12. Nb3 Qc7 13. h3 Ng6 14. Nc5 Nf4
15. Bxf4 Bxf4 16. a4 Qd6 17. Bg4 f5 18. Be2 Bh2+ 19. Kh1 Rf6 20. g4 Rh6 21. Kg2
fxg4 22. hxg4 e3 23. Qe1 Bf4 24. Rh1 Rxh1 25. Qxh1 exf2 26. Kxf2 Bg3+ 27. Kg2
Bf4 28. Qh3 Be6 29. Rf1 Bd2 30. Bd3 h6 31. Bc2 Bf7 32. Qd3 Qg6 33. Qxg6 Bxg6
34. Bxg6 Bxc3 35. Ne6 Bxb4 36. Rf7 Bf8 37. Rc7 Rb8 38. Rxa7 Rb2+ 39. Kf1 Rb3
40. Rf7 Rb8 41. a5 Ra8 42. a6 Bd6 43. Rxg7+ Kh8 44. Rd7 Bb4 45. a7 Ba5 46. Rb7
1-0

[Event "74th South Island Chess Championship"]
[Site "Oamaru NZL"]
[Date "2023.09.29"]
[Round "5.20"]
[White "Keeling, Roy L"]
[Black "Van Der Krogt, Adrian"]
[Result "0-1"]
[WhiteElo "1540"]
[BlackElo "1707"]

1. c4 Nf6 2. d3 e5 3. Nc3 Nc6 4. Nf3 d5 5. cxd5 Nxd5 6. Bd2 Be7 7. g3 Be6 8.
Bg2 f5 9. O-O h5 10. a3 h4 11. e4 Nb6 12. b4 hxg3 13. fxg3 Bf6 14. Be3 f4 15.
Bf2 g5 16. b5 Nd4 17. Nxd4 exd4 18. Ne2 Bg4 19. Qc2 f3 20. Bxd4 Bxd4+ 21. Nxd4
Qxd4+ 22. Qf2 Qxf2+ 23. Rxf2 fxg2 24. Kxg2 Rf8 25. Rc2 Bf3+ 26. Kg1 Rc8 27.
Rac1 Na8 28. Rc5 g4 29. Re5+ Kd7 0-1

[Event "74th South Island Chess Championship"]
[Site "Oamaru NZL"]
[Date "2023.09.29"]
[Round "5.21"]
[White "Gudoy, Paul"]
[Black "Wilson, Dion A"]
[Result "0-1"]
[WhiteElo "1382"]
[BlackElo "1611"]

1. d4 Nf6 2. Bg5 e6 3. e3 Nc6 4. Bd3 b6 5. Nf3 Bb7 6. a3 h6 7. Bxf6 Qxf6 8.
Nbd2 d5 9. Qe2 a5 10. c3 Bd6 11. e4 dxe4 12. Nxe4 Qe7 13. Bb5 O-O 14. Nxd6 cxd6
15. d5 exd5 16. O-O-O Ne5 17. Kb1 Qf6 18. Nxe5 dxe5 19. Rhe1 e4 20. g3 Bc6 21.
Rd2 Rad8 22. Red1 Qg6 23. Bxc6 Qxc6 24. Qh5 f5 25. h4 Qe6 26. Qe2 f4 27. gxf4
Rxf4 28. Qh5 Qf5 29. Rxd5 Qxh5 30. Rxh5 Rxd1+ 31. Kc2 Rf1 32. Kd2 R1xf2+ 33.
Ke3 Rf5 34. Rxf5 Rxf5 35. Kxe4 Rf1 36. Kd3 Rh1 37. Ke3 Rxh4 38. Kd3 g5 39. Ke3
Rf4 40. Kd3 h5 41. Ke3 h4 42. Kd3 h3 43. Ke3 h2 44. Kd3 h1=Q 45. Ke3 Qe4+ 46.
Kd2 Rf2+ 47. Kd1 Qh1# 0-1

[Event "74th South Island Chess Championship"]
[Site "Oamaru NZL"]
[Date "2023.09.29"]
[Round "5.23"]
[White "Rowe, Abigail"]
[Black "Moshakova, Elena"]
[Result "1-0"]
[WhiteElo "1412"]
[BlackElo "1546"]

1. e4 e5 2. Nc3 Nf6 3. f4 d5 4. fxe5 Nxe4 5. Qf3 Nxc3 6. dxc3 Nc6 7. Bf4 g5 8.
Bg3 h5 9. Bb5 Bd7 10. Qxd5 Qe7 11. O-O-O h4 12. Bf2 O-O-O 13. Qe4 Qxe5 14. Bxc6
Qxe4 15. Bxe4 f5 16. Bd3 g4 17. Ne2 Bd6 18. g3 h3 19. Be3 Kb8 20. Rhf1 Rdf8 21.
Bf4 Bc5 22. Nd4 a6 23. Nb3 Bb6 24. Rde1 Bc6 25. Be3 Bf3 26. Bxb6 cxb6 27. Nd4
f4 28. Nxf3 fxg3 29. hxg3 gxf3 30. Be4 h2 31. Rh1 f2 32. Ref1 Re8 33. Bg2 Rhf8
34. b3 Re3 35. Rxh2 Rxc3 36. Rh3 Re3 37. Rd1 Re1 38. Rh1 Rfe8 39. Rf1 R8e2 40.
Kb2 Rxd1 41. Rxd1 Re1 42. Kc1 Rg1 43. Bf1 Rxg3 44. Kd2 Rg5 45. Ke2 Rf5 46. Rd3
Rc5 47. c4 Ra5 48. Rd2 Rf5 49. Ke3 Kc7 50. Rxf2 Re5+ 51. Kd4 Kd6 52. Rf6+ Re6
53. Rxe6+ Kxe6 54. Bh3+ Kd6 55. Bg4 b5 56. cxb5 axb5 57. Bf3 b6 58. Bh5 Ke6 59.
Be2 1-0

[Event "74th South Island Chess Championship"]
[Site "Oamaru NZL"]
[Date "2023.09.29"]
[Round "5.24"]
[White "Patel, Akash"]
[Black "Frith, Hunter"]
[Result "1-0"]
[WhiteElo "1484"]
[BlackElo "1343"]

1. Nf3 Nc6 2. d4 d5 3. e3 Bf5 4. Bd3 Be4 5. Bxe4 dxe4 6. Nfd2 Nf6 7. c4 e6 8.
Nc3 Nxd4 9. exd4 Qxd4 10. Ne2 Qe5 11. Nc3 e3 12. fxe3 Qxe3+ 13. Qe2 Qxe2+ 14.
Nxe2 Ng4 15. O-O Bc5+ 16. Kh1 Nf2+ 17. Kg1 Ng4+ 18. Kh1 Nf2+ 19. Rxf2 Bxf2 20.
Ne4 Bb6 21. a3 O-O-O 22. c5 Ba5 23. b4 f5 24. N4c3 Bxb4 25. axb4 Rd7 26. Rxa7
Kb8 27. Ra1 Rhd8 28. h3 b6 29. Bg5 Rf8 30. cxb6 cxb6 31. Bf4+ Kb7 32. Nb5 Ra8
33. Rxa8 Kxa8 34. Nc7+ Kb7 35. Nxe6 Ka6 36. N2d4 Re7 37. b5+ Ka5 38. Nc6+ Kxb5
39. Nxe7 Ka4 40. Nxg7 b5 41. Ngxf5 b4 42. Bc1 b3 43. Nd4 Kb4 44. Nec6+ Kc3 45.
Nxb3 Kxb3 46. g4 Kc2 47. Bf4 Kd3 48. h4 Ke4 49. Bc1 Kf3 50. Ne5+ Kg3 51. Bg5 h6
52. Bc1 Kxh4 53. Bxh6 1-0

[Event "South Island Championships 2023"]
[Site "Oamaru, New Zealand"]
[Date "????.??.??"]
[Round "6.4"]
[White "Johnson, Quentin J F"]
[Black "Liu, William Rui"]
[Result "1/2-1/2"]
[TimeControl "90 + 30"]
[WhiteFideId "4301480"]
[BlackFideId "4313593"]
[WhiteElo "2089"]
[BlackElo "2094"]

1. d4 {[%clk 01:26:23]} {[%emt 00:04:37]} Nf6 {[%clk 01:30:52]} {[%emt
00:00:08]} 2. c4 {[%clk 01:26:50]} {[%emt 00:00:04]} e6 {[%clk 01:31:16]}
{[%emt 00:00:04]} 3. Nc3 {[%clk 01:27:16]} {[%emt 00:00:05]} Bb4 {[%clk
01:31:40]} {[%emt 00:00:06]} 4. e3 {[%clk 01:27:21]} {[%emt 00:00:25]} O-O
{[%clk 01:31:49]} {[%emt 00:00:20]} 5. Nge2 {[%clk 01:27:45]} {[%emt 00:00:07]}
d5 {[%clk 01:31:28]} {[%emt 00:00:52]} 6. a3 {[%clk 01:27:43]} {[%emt
00:00:32]} Bxc3+ {[%clk 01:31:19]} {[%emt 00:00:38]} 7. Nxc3 {[%clk 01:28:07]}
{[%emt 00:00:06]} b6 {[%clk 01:31:38]} {[%emt 00:00:11]} 8. Bd3 {[%clk
01:26:00]} {[%emt 00:02:37]} Bb7 {[%clk 01:31:22]} {[%emt 00:00:47]} 9. O-O
{[%clk 01:26:18]} {[%emt 00:00:11]} Nbd7 {[%clk 01:31:20]} {[%emt 00:00:33]} 10.
cxd5 {[%clk 01:22:48]} {[%emt 00:03:59]} exd5 {[%clk 01:31:30]} {[%emt
00:00:20]} 11. b4 {[%clk 01:22:47]} {[%emt 00:00:31]} c5 {[%clk 01:26:45]}
{[%emt 00:05:15]} 12. bxc5 {[%clk 01:23:02]} {[%emt 00:00:15]} bxc5 {[%clk
01:27:10]} {[%emt 00:00:06]} 13. dxc5 {[%clk 01:23:27]} {[%emt 00:00:04]} Nxc5
{[%clk 01:27:30]} {[%emt 00:00:11]} 14. Be2 {[%clk 01:22:09]} {[%emt 00:01:47]}
Nce4 {[%clk 01:25:38]} {[%emt 00:02:22]} 15. Bb2 {[%clk 01:22:14]} {[%emt
00:00:25]} Rc8 {[%clk 01:25:29]} {[%emt 00:00:39]} 16. Qd4 {[%clk 01:20:25]}
{[%emt 00:02:19]} a5 {[%clk 00:58:56]} {[%emt 00:27:03]} 17. Rfd1 {[%clk
01:14:27]} {[%emt 00:06:27]} Qe7 {[%clk 00:58:17]} {[%emt 00:01:10]} 18. Nxe4
{[%clk 01:01:39]} {[%emt 00:13:18]} dxe4 {[%clk 00:56:30]} {[%emt 00:02:18]} 19.
Qd6 {[%clk 01:01:54]} {[%emt 00:00:14]} Qxd6 {[%clk 00:56:05]} {[%emt
00:00:56]} 20. Rxd6 {[%clk 01:02:20]} {[%emt 00:00:04]} Rc2 {[%clk 00:53:23]}
{[%emt 00:03:11]} 21. Bxf6 {[%clk 01:02:38]} {[%emt 00:00:11]} Rxe2 {[%clk
00:53:45]} {[%emt 00:00:10]} 22. Be7 {[%clk 01:01:04]} {[%emt 00:02:03]} Rc8
{[%clk 00:51:33]} {[%emt 00:02:42]} 23. Rb1 {[%clk 00:58:51]} {[%emt 00:02:43]}
Rb2 {[%clk 00:43:11]} {[%emt 00:08:52]} 24. Rbd1 {[%clk 00:59:05]} {[%emt
00:00:16]} h6 {[%clk 00:42:27]} {[%emt 00:01:14]} 25. Rd8+ {[%clk 00:55:19]}
{[%emt 00:04:15]} Kh7 {[%clk 00:41:23]} {[%emt 00:01:35]} 26. Rxc8 {[%clk
00:55:39]} {[%emt 00:00:09]} Bxc8 {[%clk 00:41:48]} {[%emt 00:00:06]} 27. Bd8
{[%clk 00:55:20]} {[%emt 00:00:49]} Ra2 {[%clk 00:41:39]} {[%emt 00:00:39]} 28.
Bxa5 {[%clk 00:55:43]} {[%emt 00:00:07]} Rxa3 {[%clk 00:42:05]} {[%emt
00:00:05]} 29. Bb4 {[%clk 00:55:02]} {[%emt 00:01:10]} 1/2-1/2

[Event "South Island Championships 2023"]
[Site "Oamaru, New Zealand"]
[Date "????.??.??"]
[Round "6.11"]
[White "Gold, Hamish R"]
[Black "Lee, Dylan E S"]
[Result "1-0"]
[TimeControl "90 + 30"]
[WhiteFideId "4301579"]
[BlackFideId "4310098"]
[WhiteElo "1758"]
[BlackElo "1192"]

1. e4 {[%clk 01:30:55]} {[%emt 00:00:05]} c6 {[%clk 01:30:57]} {[%emt
00:00:05]} 2. Ne2 {[%clk 01:31:05]} {[%emt 00:00:19]} d5 {[%clk 01:31:04]}
{[%emt 00:00:23]} 3. e5 {[%clk 01:31:13]} {[%emt 00:00:21]} Bg4 {[%clk
01:30:34]} {[%emt 00:01:00]} 4. h3 {[%clk 01:30:36]} {[%emt 00:01:08]} Bf5
{[%clk 01:31:00]} {[%emt 00:00:04]} 5. Nd4 {[%clk 01:30:48]} {[%emt 00:00:19]}
e6 {[%clk 01:30:34]} {[%emt 00:00:56]} 6. Nxf5 {[%clk 01:29:26]} {[%emt
00:01:51]} exf5 {[%clk 01:30:59]} {[%emt 00:00:05]} 7. d4 {[%clk 01:29:20]}
{[%emt 00:00:35]} Nd7 {[%clk 01:30:55]} {[%emt 00:00:36]} 8. Bd3 {[%clk
01:29:13]} {[%emt 00:00:36]} g6 {[%clk 01:31:12]} {[%emt 00:00:13]} 9. O-O
{[%clk 01:29:16]} {[%emt 00:00:27]} Bg7 {[%clk 01:31:37]} {[%emt 00:00:05]} 10.
Re1 {[%clk 01:28:31]} {[%emt 00:01:14]} Qe7 {[%clk 01:31:48]} {[%emt 00:00:20]}
11. c3 {[%clk 01:28:02]} {[%emt 00:00:58]} O-O-O {[%clk 01:31:58]} {[%emt
00:00:21]} 12. a4 {[%clk 01:27:45]} {[%emt 00:00:47]} f6 {[%clk 01:31:40]}
{[%emt 00:00:48]} 13. f4 {[%clk 01:24:19]} {[%emt 00:03:55]} Nh6 {[%clk
01:29:40]} {[%emt 00:02:31]} 14. b4 {[%clk 01:23:59]} {[%emt 00:00:49]} Nf8
{[%clk 01:29:37]} {[%emt 00:00:33]} 15. b5 {[%clk 01:23:36]} {[%emt 00:00:54]}
Ne6 {[%clk 01:29:46]} {[%emt 00:00:21]} 16. bxc6 {[%clk 01:23:08]} {[%emt
00:00:57]} bxc6 {[%clk 01:30:11]} {[%emt 00:00:06]} 17. Ra2 {[%clk 01:22:47]}
{[%emt 00:00:51]} Kc7 {[%clk 01:30:31]} {[%emt 00:00:10]} 18. Ba3 {[%clk
01:22:33]} {[%emt 00:00:43]} Qf7 {[%clk 01:30:55]} {[%emt 00:00:06]} 19. Bd6+
{[%clk 01:22:42]} {[%emt 00:00:21]} Rxd6 {[%clk 01:31:21]} {[%emt 00:00:05]} 20.
exd6+ {[%clk 01:22:54]} {[%emt 00:00:18]} Kxd6 {[%clk 01:31:47]} {[%emt
00:00:04]} 21. Qc1 {[%clk 01:22:30]} {[%emt 00:00:53]} g5 {[%clk 01:31:07]}
{[%emt 00:01:10]} 22. Qa3+ {[%clk 01:22:20]} {[%emt 00:00:40]} Kd7 {[%clk
01:31:23]} {[%emt 00:00:16]} 23. Rb2 {[%clk 01:22:12]} {[%emt 00:00:37]} Re8
{[%clk 01:31:29]} {[%emt 00:00:25]} 24. a5 {[%clk 01:17:07]} {[%emt 00:05:34]}
g4 {[%clk 01:30:08]} {[%emt 00:01:51]} 25. hxg4 {[%clk 01:16:11]} {[%emt
00:01:25]} Nxg4 {[%clk 01:30:21]} {[%emt 00:00:17]} 26. Bxf5 {[%clk 01:16:12]}
{[%emt 00:00:29]} Qh5 {[%clk 01:30:00]} {[%emt 00:00:52]} 27. Bxg4 {[%clk
01:05:59]} {[%emt 00:10:42]} Qxg4 {[%clk 01:30:13]} {[%emt 00:00:18]} 28. Rb7+
{[%clk 01:06:19]} {[%emt 00:00:10]} Kc8 {[%clk 01:29:01]} {[%emt 00:01:42]} 29.
Qb3 {[%clk 01:05:53]} {[%emt 00:00:55]} Qg3 {[%clk 01:28:42]} {[%emt 00:00:50]}
30. Rb8+ {[%clk 01:01:34]} {[%emt 00:04:49]} Kd7 {[%clk 01:29:03]} {[%emt
00:00:09]} 31. Qb7+ {[%clk 01:00:29]} {[%emt 00:01:34]} Kd6 {[%clk 01:29:00]}
{[%emt 00:00:34]} 32. Rxe6+ {[%clk 01:00:05]} {[%emt 00:00:54]} Kxe6 {[%clk
01:29:11]} {[%emt 00:00:19]} 33. Rxe8+ {[%clk 00:57:44]} {[%emt 00:02:50]} Kf5
{[%clk 01:29:34]} {[%emt 00:00:07]} 34. Qd7+ {[%clk 00:57:33]} {[%emt
00:00:40]} Kg6 {[%clk 01:30:00]} {[%emt 00:00:06]} 35. f5+ {[%clk 00:56:59]}
{[%emt 00:01:03]} Kh6 {[%clk 01:30:21]} {[%emt 00:00:09]} 36. Qe6 {[%clk
00:56:37]} {[%emt 00:00:52]} Qc7 {[%clk 01:29:55]} {[%emt 00:00:57]} 37. Qe3+
{[%clk 00:56:31]} {[%emt 00:00:35]} Kh5 {[%clk 01:30:18]} {[%emt 00:00:09]} 38.
Re7 {[%clk 00:56:28]} {[%emt 00:00:32]} Qb8 {[%clk 01:30:32]} {[%emt 00:00:16]}
39. Nd2 {[%clk 00:56:40]} {[%emt 00:00:17]} Qf8 {[%clk 01:30:03]} {[%emt
00:01:00]} 40. Qh3+ {[%clk 00:56:22]} {[%emt 00:00:48]} Kg5 {[%clk 01:30:27]}
{[%emt 00:00:07]} 41. Re3 {[%clk 00:56:23]} {[%emt 00:00:24]} Bh6 {[%clk
01:30:01]} {[%emt 00:01:00]} 42. Rg3+ {[%clk 00:55:19]} {[%emt 00:01:33]} Kf4
{[%clk 01:30:19]} {[%emt 00:00:13]} 43. Rg4+ {[%clk 00:54:54]} {[%emt
00:00:53]} Kxf5 {[%clk 01:30:38]} {[%emt 00:00:13]} 44. Rg8+ {[%clk 00:55:14]}
{[%emt 00:00:09]} 1-0